| 000 | 00609nam a2200217Ia 4500 | ||
|---|---|---|---|
| 003 | OSt | ||
| 005 | 20220926040215.0 | ||
| 006 | a|||||r|||| 00| 0 | ||
| 007 | ta | ||
| 008 | 220923b |||||||| |||| 00| 0 eng d | ||
| 037 | _cGeneral Book | ||
| 040 |
_aRTL _cRTL _beng |
||
| 041 |
_2eng _aeng |
||
| 082 | _aX.695.N5t, J5 | ||
| 100 | _aBalogh Thomas | ||
| 245 | 0 |
_aEconomic problems of Malta _b An interim report |
|
| 650 |
_aAfrica Economic Conditions _932254 |
||
| 700 | _a Seers Dudley | ||
| 942 |
_hX.695.N5t, J5 _cGB _2CC |
||
| 999 |
_c664133 _d664133 |
||